| 000 | 00473cam a2200181ua 4500 | ||
|---|---|---|---|
| 041 |
_aeng _h |
||
| 082 |
_a954 _bBAR/SO |
||
| 100 | _aBary, Theorde de . | ||
| 245 | 0 | 0 |
_aSources of Indian Tradition / _cTheorde de Bary. _hTextual Documents |
| 260 |
_aNewyork : _bColumbia University press , _c1960. |
||
| 300 | _a961 ; . | ||
| 504 | _a | ||
| 700 | 1 | _aHay, Stephin.N . | |
| 700 | 1 | _aWeiler, Royal . | |
| 700 | 1 | _aYarrow, Andrew . | |
| 942 | _cBK | ||
| 999 |
_c814 _d814 |
||